000 00594nam a2200169Ia 4500
003 LK-CoDNM
008 010623t2010 xxu||||| |||| 00| 1 sin d
040 _aLK-CoDNM
_dLK-CoDNM
_eLK-CoDNM
041 _asin
080 _a294.3 SRI
100 _aSri Wachissara Himi,Dewundara
245 _aපිරුවානා පොත් වහන්සේ නම් යුත් සන්න සහිත මහ පිරිත් පොත
246 _aPiruwana Poth Wahanse Nam Wu Uth Sanna sahitha Maha Pirith Potha
260 _bGunasena
_aColombo
_c2010
300 _b350, 21 cm
942 _cBK
999 _c130027
_d130027